000 01735cam a22003974i 4500
003 PE-LiUPU
005 20250731184102.0
008 150623s r 000 0 d
020 _a9972606244
035 _a(Sirsi) i9789972606243
040 _aPE-LiUPU
_bspa
_cPE-LiUPU
_erda
049 _aPRUA
082 0 4 _a869.568
_bO
_221
100 1 _aValdelomar, Abraham,
_d1888-1919,
_eautor.
245 1 0 _aAbraham Valdelomar :
_bobras completas.
_n4 /
_cAbraham Valdelomar.
264 1 _aLima :
_bDepartamento de Relaciones Públicas de Petroperú; Ediciones Copé,
_c2000.
300 _a621 páginas :
_bilustraciones fotos. ;
_c21 cm.
336 _atext
_2rdacontent
337 _aunmediated
_2rdamedia
338 _avolume
_2rdacarrier
504 _aIncluye bibliografía.
505 0 _aBelmonte, el trágico. -Sobre arte y estética: -Dibujo y caricatura. -Pintura. -Música y danza. -Sobre literatura: Literatura universal. Literatura hispanoamericana. Literatura Peruana. -Conferencias. -Cartas literarias. -Viajes al norte del Perú. -Oraciones patrióticas. -Neuronas. -Conferencias (1918-1919).
526 _aP145
526 _aP127
526 _aP97
526 _aP14
526 _aP07
600 1 _aValdelomar, Abraham.
_d1888-1919
_xObras
650 1 4 _aLiteratura peruana
_ySiglo XX.
942 _2ddc
_cBOOK
949 _a869.568 O 4
_wDEWEY
_c1
_i49804
_lCCODEBUL1
_mBUL
_r0
_sY
_tBOOK
_u2015-6-24
_xBIBLIOTECA
_zUNKNOWN
_0COMPRA
_o.STAFF. Colección General
994 _aC0
_bPEPRU
596 _a1
999 _a869.568 O 1
_wDEWEY
_c32621
_i49801
_f2021-11-9
_g5
_lCCODEBUL1
_mBUL
_r0
_sY
_tBOOK
_u2015-6-24
_xEDUCACION
_zUNKNOWN
_0COMPRA
_o.STAFF. Colección General
_d32621
980 _81
_gALBERTO SANCHEZ Responsable de Automatización